Byzantium in the year 1000

Αποθηκεύτηκε σε:
Λεπτομέρειες βιβλιογραφικής εγγραφής
Συγγραφή απο Οργανισμό/Αρχή: International Congress of Historical Sciences
Άλλοι συγγραφείς: Magdalino, Paul (Επιμελητής έκδοσης)
Μορφή: Πρακτικό Συνεδρίου Βιβλίο
Γλώσσα:English
Δημοσίευση: Leiden : Brill, 2003
Σειρά:Medieval Mediterranean ; ; 45
Θέματα:
Ετικέτες: Προσθήκη ετικέτας
Δεν υπάρχουν, Καταχωρήστε ετικέτα πρώτοι!

MARC

LEADER 00000cam a2200000 i 4500
001 1/88774
008 080612s2003 eng d
020 |a 978-900412097-6 (hbk.) 
020 |a 900412097-1 (hbk.) 
022 |a 09285520 
035 |l 10098192 
040 |a GR-MY-UA  |b gre  |e aacr 
041 0 |a eng 
082 0 |a 938.356  |2 (22) 
245 1 0 |a Byzantium in the year 1000 /  |c edited by Paul Magdalino 
260 |a Leiden :   |b Brill,   |c 2003 
300 |a xx, 284 σ.;  |c 25 εκ. 
490 1 |a The Medieval Mediterranean. Peoples, economies and cultures, 400-1500  |v ; 45 
500 |a Τα κεφάλαια 2-7 δημιουργήθηκαν στα χαρτιά που παραδόθηκαν στο διεθνές συνέδριο του "Historical Sciences" στο Όσλο, Αύγουστο 2000 
500 |a Διεθνές συνέδριο του "Historical Sciences" στο Όσλο, Αύγουστο 2000 
504 |a Περιέχει βιβλιογραφικές παραπομπές και ευρετήριο 
651 0 |a Byzantine Empire  |x History  |y Basil II Bulgaroctonus, 976-1025. 
700 1 |a Magdalino, Paul.  |4 edt 
711 2 |a International Congress of Historical Sciences  |n (19th :  |d 2000 :  |c Oslo, Norway) 
830 0 |a Medieval Mediterranean ;  |v ; 45 
852 |a INST  |b LESVOS  |e 20080612  |h 938.356 BYZ  |p 005100042281  |q 005100042281  |t BK  |y 0 
901 |a BIBL1-2008-2 
909 |a Λ  |b 151585 
922 |a 1ΕΛΗ  |b 200803  |c ΕΠΕΑΕΚ2/ΤΚΑ  |d ΕΛΕΥΘΕΡΟΥΔΑΚΗΣ 
970 |a ΓΙΑΛΑΜΑ  |b ΜΑΡΙΑ  |z 2008/06/12